000 00242nam a2200097Ia 4500
001 1199924
005 20250827022603.0
008 250824s9999 xx 000 0 und d
245 0 _aKARANLIK ÖYKÜLER
_cSTEPHEN KING
260 _bALTIN KİTAPLAR
999 _c1199924
_d1199924